| 000 | 00459nam a2200181Ia 4500 | ||
|---|---|---|---|
| 005 | 20250603144841.0 | ||
| 008 | 250603s9999 xx 000 0 und d | ||
| 020 | _a9789351110040 | ||
| 050 | _aZ 692.C65 .S24/ | ||
| 100 | _aSaharan, Mahender Singh | ||
| 245 | 0 | _aElectronic services in library and information science | |
| 260 | _aNew Delhi | ||
| 260 | _bRandom Publication | ||
| 260 | _c2013 | ||
| 300 | _a269 p | ||
| 650 | _aNew Delhi | ||
| 942 | _cBK | ||
| 999 |
_c40137 _d40137 |
||